000 00870nas a2200289 4500
001 BR2013010042
003 BR-BrBNA
005 20231205123403.0
007 ta
008 230509b bl.|||p| |||| 00| 00por d
040 _aBR-BrBNA
_bpor
_cBiblioteca Nacional de Agricultura
041 _a(Pt)
072 _aK50
100 1 _aArantes, M.D.C.
100 1 _aTrugilho, P.F.
100 1 _aSilva, J.R.M. da
100 1 _aAndrade, C.R.
245 1 _aCaracterísticas do carvão de um clone de Eucalyptus grandis W. Hill ex Maiden x Eucalyptus urophylla S.T. Blake
650 _aEUCALIPTO
650 _aCLONE
650 _aCARVÃO VEGETAL
650 _aPRODUTO FLORESTAL
650 _aCINZA
773 0 _tCerne (Brazil)
_xISSN 0104-7760
_g(Jul-Sep 2013), v. 19(3) p. 423-431
_wBR2013010042
909 _a202311
_bLúcia
_c55
_dLúcia Elande
942 _2AGRIS
_n0
_cANA
999 _c233627
_d233627